[Event "Benidorm op-A"]
[Site "Benidorm"]
[Date "2023.11.04"]
[Round "8"]
[White "Teply Koutsky, David"]
[Black "Andrzejewska, Anna"]
[Result "1-0"]
[WhiteElo "1833"]
[BlackElo "1918"]
[PlyCount "99"]
[EventDate "2023.10.29"]
[EventType "swiss"]
[EventRounds "9"]
[EventCountry "ESP"]
[SourceTitle "Mega2024 Update 01"]
[Source "Chessbase"]
[SourceDate "2023.11.12"]
[SourceVersion "1"]
[SourceVersionDate "2023.11.12"]
[SourceQuality "1"]

1. d4 d5 2. c4 e6 3. Nc3 Nf6 4. cxd5 exd5 5. Bg5 Be7 6. e3 c6 7. Qc2 0-0 8. Bd3 h6 9. Bh4 Re8 10. Nge2 Ne4 11. Bxe7 Qxe7 12. Nf4 Nxc3 13. bxc3 Nd7 14. 0-0 Nf6 15. Rfe1 Bd7 16. Qb2 b6 17. Rad1 Qd6 18. f3 c5 19. Qd2 c4 20. Bc2 Bc6 21. Ne2 Qa3 22. Ng3 Ba4 23. Bxa4 Qxa4 24. e4 dxe4 25. fxe4 Rad8 26. Re2 Qc6 27. Qf4 Qe6 28. Rf1 Re7 29. Qf3 b5 30. a3 a5 31. Rb1 Rb8 32. Nf5 Reb7 33. d5 Qe5 34. Nd4 Rb6 35. Nc6 Rxc6 36. dxc6 Qc5+ 37. Kh1 Qxc6 38. Qf5 g6 39. Qe5 Rb6 40. Rd1 Qe6 41. Rd8+ Kg7 42. Qc5 Ng4 43. h3 Ne5 44. Rf2 g5 45. g4 Ng6 46. Qd4+ Ne5 47. Rf5 f6 48. Qc5 Rb7 49. Qf8+ Kg6 50. Rd6 1-0

[Event "Benidorm op-A"]
[Site "Benidorm"]
[Date "2023.10.30"]
[Round "2"]
[White "Vestby Ellingsen, Mads"]
[Black "Andrzejewska, Anna"]
[Result "1-0"]
[WhiteElo "2343"]
[BlackElo "1918"]
[PlyCount "72"]
[EventDate "2023.10.29"]
[EventType "swiss"]
[EventRounds "9"]
[EventCountry "ESP"]
[SourceTitle "Mega2024 Update 01"]
[Source "Chessbase"]
[SourceDate "2023.11.12"]
[SourceVersion "1"]
[SourceVersionDate "2023.11.12"]
[SourceQuality "1"]

1. e4 e5 2. Nf3 Nc6 3. Bc4 Bc5 4. c3 Nf6 5. d3 d6 6. 0-0 h6 7. Re1 0-0 8. h3 a6 9. a4 Ba7 10. Nbd2 Re8 11. b4 Be6 12. Bxe6 fxe6 13. Nf1 Qd7 14. Ng3 Qf7 15. b5 axb5 16. axb5 Ne7 17. d4 exd4 18. cxd4 Ng6 19. Be3 Bb6 20. Qb3 Nd7 21. Rxa8 Rxa8 22. Rc1 Rc8 23. Qa2 Qe8 24. Nd2 Kh7 25. Nc4 d5 26. Nd2 Nf6 27. e5 Nd7 28. Qb1 Kg8 29. f4 Nxf4 30. Bxf4 Bxd4+ 31. Kh1 Bxe5 32. Bxe5 Nxe5 33. Re1 Nf7 34. Nf3 Nd6 35. Nd4 e5 36. Ndf5 Nxb5 1-0

[Event "POL-chT 2nd League"]
[Site "Jastrzebia Gora"]
[Date "2023.09.10"]
[Round "9.72"]
[White "Owczarek, Monika"]
[Black "Andrzejewska, Anna"]
[Result "1/2-1/2"]
[WhiteElo "1544"]
[BlackElo "1944"]
[PlyCount "42"]
[EventDate "2023.09.02"]
[EventType "team-swiss"]
[EventRounds "9"]
[EventCountry "POL"]
[SourceTitle "EXT 2024"]
[Source "ChessBase"]
[SourceDate "2023.10.10"]
[SourceVersion "1"]
[SourceVersionDate "2023.10.10"]
[SourceQuality "1"]
[WhiteTeam "Wisznia Mala Bialy Krol"]
[BlackTeam "Zakrzewo Korona"]
[WhiteTeamCountry "POL"]
[BlackTeamCountry "POL"]

1. c4 Nf6 2. Nc3 c5 3. g3 g6 4. Bg2 Bg7 5. Nf3 0-0 6. 0-0 Nc6 7. Rb1 d6 8. a3 e5 9. d3 Nd4 10. Bg5 h6 11. Bxf6 Bxf6 12. Nd5 Bg7 13. b4 Rb8 14. b5 b6 15. a4 Ne6 16. Ne1 f5 17. e3 g5 18. f4 exf4 19. exf4 g4 20. Nc2 h5 21. h4 Nd4 1/2-1/2

[Event "POL-chT 2nd League"]
[Site "Jastrzebia Gora"]
[Date "2023.09.09"]
[Round "8.90"]
[White "Andrzejewska, Anna"]
[Black "Pietrzak, Emilia"]
[Result "1/2-1/2"]
[WhiteElo "1944"]
[BlackElo "1671"]
[PlyCount "94"]
[EventDate "2023.09.02"]
[EventType "team-swiss"]
[EventRounds "9"]
[EventCountry "POL"]
[SourceTitle "EXT 2024"]
[Source "ChessBase"]
[SourceDate "2023.10.10"]
[SourceVersion "1"]
[SourceVersionDate "2023.10.10"]
[SourceQuality "1"]
[WhiteTeam "Zakrzewo Korona"]
[BlackTeam "Nysa Gekon"]
[WhiteTeamCountry "POL"]
[BlackTeamCountry "POL"]

1. e4 c5 2. Nf3 Nc6 3. d4 cxd4 4. Nxd4 Qb6 5. Nb3 Nf6 6. Nc3 e6 7. Be3 Qc7 8. a3 a6 9. Be2 b5 10. 0-0 Be7 11. f4 d6 12. Bf3 Bb7 13. Kh1 0-0 14. g4 Rfd8 15. Qe1 Nd7 16. g5 Nc5 17. Qf2 Nxb3 18. cxb3 Qd7 19. b4 Rac8 20. Rad1 Qe8 21. h4 f6 22. Kh2 Qf7 23. Bg4 Bf8 24. Bb6 Re8 25. Qg3 Ne7 26. gxf6 Qxf6 27. Bd4 Qf7 28. Rg1 d5 29. Bxe6 Qxe6 30. Bxg7 Kf7 31. f5 Qc6 32. Qg5 Qc7+ 33. e5 Ng8 34. Qh5+ Ke7 35. Qxh7 Kd8 36. Nxd5 Qc2+ 37. Kh3 Qf2 38. Nf6+ Kc7 39. Bxf8+ Kb8 40. Bd6+ Ka8 41. Nxe8 Qf3+ 42. Rg3 Qxd1 43. Nc7+ Kb8 44. Nxa6+ Ka8 45. Nc5 Bf3 46. Rxf3 Qxf3+ 47. Kh2 Qf2+ 1/2-1/2

[Event "POL-chT 2nd League"]
[Site "Jastrzebia Gora"]
[Date "2023.09.08"]
[Round "7.54"]
[White "Matskevich, Varvara"]
[Black "Andrzejewska, Anna"]
[Result "1/2-1/2"]
[WhiteElo "1690"]
[BlackElo "1944"]
[PlyCount "77"]
[EventDate "2023.09.02"]
[EventType "team-swiss"]
[EventRounds "9"]
[EventCountry "POL"]
[SourceTitle "EXT 2024"]
[Source "ChessBase"]
[SourceDate "2023.10.10"]
[SourceVersion "1"]
[SourceVersionDate "2023.10.10"]
[SourceQuality "1"]
[WhiteTeam "Warszawa Czternastka"]
[BlackTeam "Zakrzewo Korona"]
[WhiteTeamCountry "POL"]
[BlackTeamCountry "POL"]

1. e4 e5 2. Nf3 Nc6 3. Bb5 a6 4. Ba4 Nf6 5. Qe2 b5 6. Bb3 Be7 7. 0-0 d6 8. c3 0-0 9. Rd1 Bg4 10. h3 Bh5 11. d3 Na5 12. Bc2 c5 13. Nbd2 Qc7 14. Nf1 Rfe8 15. Ng3 Bg6 16. Nh4 d5 17. Nhf5 Bf8 18. Bg5 Re6 19. Bxf6 Rxf6 20. Ne3 Rd6 21. Nxd5 Qd8 22. Ne3 Nc6 23. Bb3 Kh8 24. Nd5 Na5 25. Bc2 Rc8 26. Qg4 f6 27. Nf5 Rd7 28. Nfe3 Rb8 29. f4 Nc6 30. f5 Bf7 31. a3 a5 32. Qe2 a4 33. g4 Qa5 34. Qf2 Ne7 35. Nxe7 Bxe7 36. h4 Rbd8 37. Qe2 Qb6 38. Kg2 Qb7 39. Kg3 1/2-1/2

[Event "POL-chT 2nd League"]
[Site "Jastrzebia Gora"]
[Date "2023.09.05"]
[Round "4.114"]
[White "Andrzejewska, Anna"]
[Black "Trusz, Julia"]
[Result "1/2-1/2"]
[WhiteElo "1944"]
[BlackElo "1748"]
[PlyCount "99"]
[EventDate "2023.09.02"]
[EventType "team-swiss"]
[EventRounds "9"]
[EventCountry "POL"]
[SourceTitle "EXT 2024"]
[Source "ChessBase"]
[SourceDate "2023.10.10"]
[SourceVersion "1"]
[SourceVersionDate "2023.10.10"]
[SourceQuality "1"]
[WhiteTeam "Zakrzewo Korona"]
[BlackTeam "Wroclaw Hetman"]
[WhiteTeamCountry "POL"]
[BlackTeamCountry "POL"]

1. e4 Nf6 2. e5 Nd5 3. d4 d6 4. c4 Nb6 5. exd6 exd6 6. h3 Nc6 7. Nf3 Bf5 8. d5 Nb4 9. Nd4 Qe7+ 10. Be3 Qe4 11. Nxf5 Qxf5 12. Na3 Be7 13. Be2 Bf6 14. Qd2 Na6 15. 0-0 0-0 16. Nb5 g6 17. Rac1 Bg7 18. b4 h5 19. Bd1 Rfd8 20. a4 Qd7 21. a5 Nc8 22. Bf3 Ne7 23. Bg5 Re8 24. Rfe1 Nf5 25. Rxe8+ Rxe8 26. g4 hxg4 27. hxg4 Ne7 28. Nxa7 f5 29. Re1 Be5 30. Nb5 fxg4 31. Bd1 Qf5 32. Bc2 Qf7 33. Nd4 Qh7 34. Rxe5 dxe5 35. Ne6 Nf5 36. Be4 Qh5 37. Bf6 Kf7 38. Bxe5 Nh4 39. Qf4+ Nf5 40. Ng5+ Kg8 41. Bxf5 gxf5 42. Qxf5 g3 43. Kf1 gxf2 44. Kxf2 Rf8 45. Bf6 Qh2+ 46. Kf3 Qh1+ 47. Kf2 Qh2+ 48. Kf3 Qh1+ 49. Kf2 Qh2+ 50. Kf3 1/2-1/2

[Event "Split op 12th"]
[Site "Split"]
[Date "2023.08.13"]
[Round "9"]
[White "Andrzejewska, Anna"]
[Black "Ljubic, Juro"]
[Result "1/2-1/2"]
[WhiteElo "1923"]
[BlackElo "2179"]
[PlyCount "27"]
[EventDate "2023.08.05"]
[EventType "swiss"]
[EventRounds "9"]
[EventCountry "CRO"]
[SourceTitle "CBM 215 Extra"]
[Source "ChessBase"]
[SourceDate "2023.09.30"]
[SourceVersion "1"]
[SourceVersionDate "2023.09.30"]
[SourceQuality "1"]

1. e4 c5 2. Nf3 Nc6 3. d4 cxd4 4. Nxd4 g6 5. Nc3 Bg7 6. Be3 Nf6 7. Bc4 0-0 8. Bb3 a5 9. f3 d5 10. exd5 Nb4 11. Nde2 a4 12. Nxa4 Nfxd5 13. Bf2 b5 14. Nac3 1/2-1/2

[Event "POL-chT 2nd League"]
[Site "Jastrzebia Gora"]
[Date "2022.09.11"]
[Round "9.99"]
[White "Skladanowski, Adam"]
[Black "Andrzejewska, Anna"]
[Result "1-0"]
[WhiteElo "1774"]
[BlackElo "1910"]
[PlyCount "103"]
[EventDate "2022.09.03"]
[EventType "team-swiss"]
[EventRounds "9"]
[EventCountry "POL"]
[SourceTitle "CBM 210 Extra"]
[Source "ChessBase"]
[SourceDate "2022.11.30"]
[SourceVersion "1"]
[SourceVersionDate "2022.11.30"]
[SourceQuality "1"]
[WhiteTeam "Sanovia Lesko"]
[BlackTeam "Zakrzewo Korona"]
[WhiteTeamCountry "POL"]
[BlackTeamCountry "POL"]

1. d4 d5 2. Bf4 Nf6 3. e3 e6 4. Nf3 Bd6 5. Bg3 0-0 6. Nbd2 c5 7. c3 Nc6 8. dxc5 Bxc5 9. Bd3 a5 10. a4 Re8 11. Bb5 Bd6 12. Nd4 Qc7 13. Bd3 e5 14. Nb5 Qe7 15. Nxd6 Qxd6 16. 0-0 Bg4 17. f3 Be6 18. Bb5 Qc5 19. Bf2 e4 20. Nb3 Qb6 21. Re1 exf3 22. gxf3 Qc7 23. Bg3 Qe7 24. Bh4 Red8 25. Bxc6 bxc6 26. Qd4 Rdb8 27. Ra3 c5 28. Nxc5 Rxb2 29. Rb3 Rb8 30. Rxb8+ Rxb8 31. Nd3 h6 32. Ne5 Rb2 33. c4 Qb7 34. Nd3 Rb1 35. c5 Nd7 36. c6 Rxe1+ 37. Bxe1 Qxc6 38. Bxa5 Qc2 39. Bc3 Nf6 40. Ne1 Qa2 41. a5 Bd7 42. Qd3 Qa4 43. Qb1 Bb5 44. Ng2 Qc4 45. Bd4 Nh7 46. h4 Nf8 47. Nf4 Nd7 48. Qe1 Nc5 49. Qg3 g6 50. Kh2 Qc2+ 51. Ng2 Bf1 52. Qb8+ 1-0

[Event "POL-chT 2nd League"]
[Site "Jastrzebia Gora"]
[Date "2022.09.10"]
[Round "8.124"]
[White "Andrzejewska, Anna"]
[Black "Jajte Pachota, Jerzy"]
[Result "1-0"]
[WhiteElo "1910"]
[BlackElo "1817"]
[PlyCount "97"]
[EventDate "2022.09.03"]
[EventType "team-swiss"]
[EventRounds "9"]
[EventCountry "POL"]
[SourceTitle "CBM 210 Extra"]
[Source "ChessBase"]
[SourceDate "2022.11.30"]
[SourceVersion "1"]
[SourceVersionDate "2022.11.30"]
[SourceQuality "1"]
[WhiteTeam "Zakrzewo Korona"]
[BlackTeam "Krakow Cracovia"]
[WhiteTeamCountry "POL"]
[BlackTeamCountry "POL"]

1. e4 c6 2. d4 d5 3. Nc3 dxe4 4. Nxe4 Bf5 5. Ng3 Bg6 6. h4 h6 7. f4 e6 8. Nf3 Nd7 9. h5 Bh7 10. Bd3 Bxd3 11. Qxd3 Ngf6 12. Bd2 Qb6 13. 0-0-0 0-0-0 14. Qe2 Bd6 15. Ne5 Rhf8 16. Nc4 Qc7 17. Nxd6+ Qxd6 18. c4 c5 19. Be3 Qc6 20. Kb1 b6 21. Rhe1 cxd4 22. Bxd4 Rg8 23. f5 Rge8 24. Qc2 e5 25. Bg1 Nc5 26. Rxd8+ Kxd8 27. Bxc5 Qxc5 28. Rd1+ Kc7 29. Ne4 Nxe4 30. Qxe4 Qc6 31. Qd3 f6 32. Qg3 Re7 33. Qa3 Rd7 34. Qxa7+ Kc8 35. Qxd7+ Qxd7 36. Rxd7 Kxd7 37. Kc2 Kc6 38. Kd3 b5 39. cxb5+ Kxb5 40. Ke4 Kc4 41. a4 Kc5 42. a5 Kb5 43. b4 Kc6 44. a6 Kc7 45. Kd5 Kb6 46. b5 Kc7 47. a7 Kb7 48. b6 Ka8 49. Kc6 1-0

[Event "POL-chT 2nd League"]
[Site "Sypniewo"]
[Date "2021.09.06"]
[Round "3.7"]
[White "Gonsior, Monika"]
[Black "Andrzejewska, Anna"]
[Result "1-0"]
[WhiteElo "1971"]
[BlackElo "1933"]
[PlyCount "95"]
[EventDate "2021.09.04"]
[EventType "team-swiss"]
[EventRounds "9"]
[EventCountry "POL"]
[SourceTitle "CBM 204 Extra"]
[Source "ChessBase"]
[SourceDate "2021.11.30"]
[SourceVersion "1"]
[SourceVersionDate "2021.11.30"]
[SourceQuality "1"]
[WhiteTeam "Zory Roszada"]
[BlackTeam "Zielonka Zieloni"]
[WhiteTeamCountry "POL"]
[BlackTeamCountry "POL"]

1. e4 e5 2. Nc3 Nf6 3. f4 d5 4. fxe5 Nxe4 5. Nf3 Nc6 6. d3 Nxc3 7. bxc3 d4 8. cxd4 Bb4+ 9. Kf2 Nxd4 10. Bg5 Qd7 11. Rb1 Bc3 12. Bd2 Bxd2 13. Qxd2 Nxf3 14. gxf3 Qd4+ 15. Kg2 0-0 16. Re1 Bf5 17. Qg5 Bg6 18. h4 f6 19. Qg3 Bh5 20. e6 Qc5 21. c4 Rfe8 22. Kh2 Qf5 23. Re3 Re7 24. Bh3 Qa5 25. Re2 Rd8 26. Rd1 Rd4 27. Qf2 Qc5 28. Qg3 Qc6 29. Re3 Qa4 30. Rd2 Qb4 31. Qf2 Rxh4 32. Rb2 Qd6+ 33. Kg2 g5 34. Rxb7 Kg7 35. Rb5 Rf4 36. Rd5 Qb4 37. Rb5 Qd6 38. Qb2 Be8 39. Rxg5+ Kh6 40. Rd5 Rg7+ 41. Bg4 Rfxg4+ 42. fxg4 Rxg4+ 43. Kf1 Qf4+ 44. Qf2 Rh4 45. Qxf4+ Rxf4+ 46. Kg2 Bc6 47. e7 Rg4+ 48. Rg3 1-0

[Event "POL-chT 2nd League"]
[Site "Sypniewo"]
[Date "2021.09.04"]
[Round "1.12"]
[White "Czarnecka, Lidia"]
[Black "Andrzejewska, Anna"]
[Result "1/2-1/2"]
[WhiteElo "1889"]
[BlackElo "1933"]
[PlyCount "58"]
[EventDate "2021.09.04"]
[EventType "team-swiss"]
[EventRounds "9"]
[EventCountry "POL"]
[SourceTitle "CBM 204 Extra"]
[Source "ChessBase"]
[SourceDate "2021.11.30"]
[SourceVersion "1"]
[SourceVersionDate "2021.11.30"]
[SourceQuality "1"]
[WhiteTeam "Wieliczka MKS MOS"]
[BlackTeam "Zielonka Zieloni"]
[WhiteTeamCountry "POL"]
[BlackTeamCountry "POL"]

1. e4 e5 2. Nf3 Nc6 3. d4 exd4 4. Nxd4 Nf6 5. Nxc6 bxc6 6. e5 Qe7 7. Qe2 Nd5 8. h4 d6 9. c4 Nb6 10. exd6 cxd6 11. Be3 Be6 12. Qc2 Qd7 13. Bd3 h6 14. Nd2 Be7 15. 0-0-0 0-0 16. f3 c5 17. g4 d5 18. g5 h5 19. f4 Bg4 20. Rde1 Rfd8 21. Rhf1 dxc4 22. Be4 Nd5 23. Nxc4 Nb4 24. Qb3 Rab8 25. f5 Nd5 26. Qc2 Nb4 27. Qb3 Nd5 28. Qc2 Nb4 29. Qb3 Nd5 1/2-1/2

[Event "Titled Tuesday intern op 31st Aug"]
[Site "Chess.com INT"]
[Date "2021.08.31"]
[Round "11"]
[White "Andrzejewska, Anna"]
[Black "Szente Varga, Fruzsina"]
[Result "1-0"]
[WhiteElo "1948"]
[BlackElo "2100"]
[PlyCount "62"]
[EventDate "2021.08.31"]
[EventType "swiss (blitz)"]
[EventRounds "11"]
[EventCountry "USA"]
[SourceTitle "EXT 2022"]
[Source "ChessBase"]
[SourceDate "2021.10.06"]
[SourceVersion "1"]
[SourceVersionDate "2021.10.06"]
[SourceQuality "1"]

1. e4 e5 2. Nf3 Nc6 3. d4 exd4 4. Bc4 Bc5 5. 0-0 Nf6 6. e5 d5 7. Bb5 Ne4 8. Nxd4 Bd7 9. Bxc6 Bxc6 10. Nxc6 bxc6 11. Nd2 Ng5 12. Nb3 Bb6 13. Kh1 0-0 14. f4 Ne6 15. f5 Nc5 16. f6 Ne6 17. fxg7 Re8 18. Qg4 c5 19. Bh6 Nd4 20. Nxd4 cxd4 21. Qf5 Qe7 22. Rae1 Qe6 23. Qh5 c5 24. h3 Bc7 25. Rf6 Qe7 26. Ref1 Bxe5 27. Rxf7 Qd6 28. Rf8+ Rxf8 29. gxf8Q+ Rxf8 30. Rxf8+ Qxf8 31. Bxf8 Kxf8 1-0

[Event "Titled Tuesday intern op 31st Aug"]
[Site "Chess.com INT"]
[Date "2021.08.31"]
[Round "3"]
[White "Andrzejewska, Anna"]
[Black "Tologontegin, Semetey"]
[Result "0-1"]
[WhiteElo "1948"]
[BlackElo "2368"]
[PlyCount "64"]
[EventDate "2021.08.31"]
[EventType "swiss (blitz)"]
[EventRounds "11"]
[EventCountry "USA"]
[SourceTitle "EXT 2022"]
[Source "ChessBase"]
[SourceDate "2021.10.06"]
[SourceVersion "1"]
[SourceVersionDate "2021.10.06"]
[SourceQuality "1"]

1. e4 c5 2. Nf3 d6 3. d4 cxd4 4. Nxd4 Nf6 5. Nc3 g6 6. Bc4 Bg7 7. f3 0-0 8. Be3 Nc6 9. Bb3 Bd7 10. Qd2 Ne5 11. 0-0-0 Rc8 12. Kb1 Re8 13. g4 Nc4 14. Bxc4 Rxc4 15. h4 Qa5 16. Nb3 Qc7 17. h5 b5 18. hxg6 hxg6 19. g5 Nh5 20. Rxh5 gxh5 21. Bd4 Bxd4 22. Nxd4 Rxc3 23. Qxc3 Qxc3 24. bxc3 Kg7 25. f4 e5 26. fxe5 Rxe5 27. Nf3 Bg4 28. Rxd6 Bxf3 29. Kb2 h4 30. Kb3 h3 31. Kb4 h2 32. Rd2 h1Q 0-1

[Event "Titled Tuesday intern op 31st Aug"]
[Site "Chess.com INT"]
[Date "2021.08.31"]
[Round "10"]
[White "Gottstein, Claudius Thomas"]
[Black "Andrzejewska, Anna"]
[Result "1-0"]
[WhiteElo "2113"]
[BlackElo "1948"]
[PlyCount "117"]
[EventDate "2021.08.31"]
[EventType "swiss (blitz)"]
[EventRounds "11"]
[EventCountry "USA"]
[SourceTitle "EXT 2022"]
[Source "ChessBase"]
[SourceDate "2021.10.06"]
[SourceVersion "1"]
[SourceVersionDate "2021.10.06"]
[SourceQuality "1"]

1. e4 e5 2. Nf3 Nc6 3. c3 d5 4. Qa4 dxe4 5. Nxe5 Bd7 6. Nxd7 Qxd7 7. Qxe4+ Qe7 8. Qxe7+ Bxe7 9. Bb5 Nf6 10. 0-0 0-0 11. Bxc6 bxc6 12. d4 Bd6 13. Nd2 c5 14. dxc5 Bxc5 15. Nb3 Bd6 16. Be3 a5 17. Bc5 a4 18. Bxd6 axb3 19. Bxf8 Kxf8 20. axb3 Rb8 21. b4 Nd5 22. Rfd1 Nb6 23. Rd4 Ke7 24. Ra7 Rc8 25. g3 f6 26. Kg2 Nd7 27. Rc4 Kd6 28. Ra5 Ne5 29. Rd4+ Ke7 30. Re4 Kf7 31. Rexe5 fxe5 32. Rxe5 Kf6 33. Rc5 Ke6 34. f4 Kd6 35. Rc4 Re8 36. Kf2 Ra8 37. Rd4+ Ke7 38. Ke3 Ra2 39. Rd2 Ra1 40. Kd4 Re1 41. Kc5 Re6 42. c4 g6 43. b5 h5 44. Kb4 Re4 45. b3 Ke6 46. Ka5 Re3 47. Rb2 Kd6 48. b6 cxb6+ 49. Kxb6 Re8 50. c5+ Kd5 51. Rd2+ Ke6 52. Kb5 Rb8+ 53. Kc4 Ke7 54. b4 Ke6 55. b5 Ke7 56. c6 Ke6 57. Kc5 Ke7 58. c7 Rc8 59. Kc6 1-0

[Event "Titled Tuesday intern op 31st Aug"]
[Site "Chess.com INT"]
[Date "2021.08.31"]
[Round "5"]
[White "Sahil, Tickoo"]
[Black "Andrzejewska, Anna"]
[Result "1-0"]
[WhiteElo "2201"]
[BlackElo "1948"]
[PlyCount "55"]
[EventDate "2021.08.31"]
[EventType "swiss (blitz)"]
[EventRounds "11"]
[EventCountry "USA"]
[SourceTitle "EXT 2022"]
[Source "ChessBase"]
[SourceDate "2021.10.06"]
[SourceVersion "1"]
[SourceVersionDate "2021.10.06"]
[SourceQuality "1"]

1. e4 e5 2. Nf3 Nc6 3. Bc4 Bc5 4. c3 Nf6 5. d4 exd4 6. cxd4 Bb4+ 7. Nc3 Bxc3+ 8. bxc3 Nxe4 9. d5 Ne7 10. 0-0 0-0 11. Re1 Nd6 12. Bd3 Ng6 13. c4 b6 14. Bb2 Re8 15. Qc2 Rxe1+ 16. Rxe1 Ba6 17. Qc3 f6 18. c5 Nb5 19. Qb3 bxc5 20. Bxb5 Rb8 21. a4 Kh8 22. Qe3 Bxb5 23. axb5 h6 24. Ba1 Rxb5 25. Qd3 Ra5 26. Qxg6 Rxa1 27. Rxa1 d6 28. Re1 1-0

[Event "Poznan op 28th"]
[Site "Poznan"]
[Date "2021.08.20"]
[Round "7"]
[White "Jaskolka, Tomasz"]
[Black "Andrzejewska, Anna"]
[Result "1-0"]
[WhiteElo "2220"]
[BlackElo "1948"]
[PlyCount "77"]
[EventDate "2021.08.15"]
[EventType "swiss"]
[EventRounds "9"]
[EventCountry "POL"]
[SourceTitle "CBM 203 Extra"]
[Source "ChessBase"]
[SourceDate "2021.09.30"]
[SourceVersion "1"]
[SourceVersionDate "2021.09.30"]
[SourceQuality "1"]

1. d4 Nf6 2. c4 c6 3. Nc3 d5 4. Nf3 dxc4 5. a4 Bf5 6. e3 e6 7. Bxc4 h6 8. 0-0 Be7 9. Qe2 0-0 10. Rd1 a5 11. e4 Bh7 12. Bf4 Bb4 13. d5 exd5 14. exd5 Nxd5 15. Bxd5 cxd5 16. Nxd5 Qc8 17. Nb6 Qf5 18. Nxa8 Qxf4 19. Nb6 Nc6 20. Nd5 Qg4 21. Nxb4 Nxb4 22. Rd4 Qc8 23. Rad1 Qc6 24. Ne5 Qe6 25. Qb5 Bc2 26. Re1 Re8 27. f4 Rc8 28. Nf3 Qa2 29. Qxb7 Rf8 30. Rd2 Bxa4 31. Qe7 g6 32. f5 Re8 33. Rd8 Rxd8 34. Qxd8+ Kh7 35. fxg6+ Kxg6 36. Qg8+ Kf6 37. Qh8+ Kg6 38. Nh4+ Kg5 39. Qe5+ 1-0

[Event "Poznan op 28th"]
[Site "Poznan"]
[Date "2021.08.17"]
[Round "4"]
[White "Andrzejewska, Anna"]
[Black "Litke, Slawomir"]
[Result "1/2-1/2"]
[WhiteElo "1948"]
[BlackElo "1623"]
[PlyCount "92"]
[EventDate "2021.08.15"]
[EventType "swiss"]
[EventRounds "9"]
[EventCountry "POL"]
[SourceTitle "CBM 203 Extra"]
[Source "ChessBase"]
[SourceDate "2021.09.30"]
[SourceVersion "1"]
[SourceVersionDate "2021.09.30"]
[SourceQuality "1"]

1. e4 e5 2. Nf3 Nc6 3. d4 exd4 4. Bc4 Nf6 5. e5 d5 6. Bb5 Ne4 7. Nxd4 Bd7 8. Bxc6 bxc6 9. 0-0 Bc5 10. f3 Ng5 11. f4 Ne6 12. c3 g6 13. Kh1 Ng7 14. Be3 Bb6 15. b4 Nf5 16. Bf2 h5 17. Nd2 h4 18. Nxf5 Bxf5 19. Qf3 Qd7 20. h3 Kf8 21. Kh2 Kg7 22. Nb3 Be4 23. Qd1 Qf5 24. Bd4 Qe6 25. a4 a6 26. a5 Bxd4 27. Qxd4 Kh7 28. Nc5 Qf5 29. Rae1 Rad8 30. Nxe4 dxe4 31. Qxe4 Rd2 32. Qxc6 Qd3 33. Qf3 Qc2 34. f5 Rhd8 35. fxg6+ fxg6 36. Qf7+ Kh6 37. Qf4+ Kg7 38. Qe4 Rxg2+ 39. Qxg2 Rd2 40. Qxd2 Qxd2+ 41. Kg1 Qxc3 42. e6 Qg3+ 43. Kh1 Qxh3+ 44. Kg1 Qg3+ 45. Kh1 Qe5 46. Rg1 Qf5 1/2-1/2

[Event "POL Cup op rapid"]
[Site "Lodz"]
[Date "2021.08.07"]
[Round "4"]
[White "Andrzejewska, Anna"]
[Black "Nasuta, Grzegorz"]
[Result "0-1"]
[WhiteElo "1948"]
[BlackElo "2518"]
[PlyCount "70"]
[EventDate "2021.08.07"]
[EventType "swiss (rapid)"]
[EventRounds "9"]
[EventCountry "POL"]
[SourceTitle "CBM 203 Extra"]
[Source "ChessBase"]
[SourceDate "2021.09.30"]
[SourceVersion "1"]
[SourceVersionDate "2021.09.30"]
[SourceQuality "1"]

1. e4 c5 2. Nf3 e6 3. Nc3 a6 4. d4 cxd4 5. Nxd4 d6 6. Be3 Nf6 7. f3 b5 8. Bd3 Bb7 9. Qd2 Nbd7 10. 0-0-0 Rc8 11. Kb1 Nb6 12. g4 Nfd7 13. h4 Be7 14. g5 Ne5 15. Qf2 Nbc4 16. Bc1 Qb6 17. Nce2 d5 18. f4 dxe4 19. Bxc4 Nxc4 20. Rh3 0-0 21. h5 f6 22. gxf6 Bxf6 23. Qg3 Rcd8 24. c3 b4 25. b3 bxc3 26. Qxc3 Nd6 27. Bb2 Nf5 28. Qc4 Bd5 29. Qa4 e3 30. Nxf5 Be4+ 31. Qxe4 Rxd1+ 32. Bc1 exf5 33. Qxf5 Rxc1+ 34. Nxc1 Qd4 35. Qd3 Qb2# 0-1

[Event "POL Cup op rapid"]
[Site "Lodz"]
[Date "2021.08.07"]
[Round "7"]
[White "Galuszka, Kamil"]
[Black "Andrzejewska, Anna"]
[Result "1-0"]
[WhiteElo "1981"]
[BlackElo "1948"]
[PlyCount "73"]
[EventDate "2021.08.07"]
[EventType "swiss (rapid)"]
[EventRounds "9"]
[EventCountry "POL"]
[SourceTitle "CBM 203 Extra"]
[Source "ChessBase"]
[SourceDate "2021.09.30"]
[SourceVersion "1"]
[SourceVersionDate "2021.09.30"]
[SourceQuality "1"]

1. b3 e5 2. Bb2 Nc6 3. e3 Nf6 4. Bb5 d6 5. Ne2 a6 6. Bxc6+ bxc6 7. 0-0 Be7 8. d4 e4 9. Nd2 0-0 10. c4 d5 11. Qc1 a5 12. Ba3 Ng4 13. h3 Nh6 14. Re1 Nf5 15. Bxe7 Qxe7 16. cxd5 cxd5 17. Qc6 Be6 18. Rec1 Qg5 19. Nf1 Nh4 20. Nfg3 h5 21. Nf4 Rfe8 22. Rc5 Rad8 23. Nxe6 fxe6 24. Qxc7 Nf5 25. Qe5 h4 26. Ne2 Qg6 27. Nf4 Qg5 28. Rac1 Qh6 29. Rc6 Re7 30. Rxe6 Rxe6 31. Nxe6 Re8 32. Qxf5 Qxe6 33. Qxe6+ Rxe6 34. Rc5 a4 35. Rxd5 axb3 36. axb3 Rb6 37. Re5 1-0

[Event "Titled Tuesday intern op 19th Jan"]
[Site "Chess.com INT"]
[Date "2021.01.19"]
[Round "4"]
[White "Guliev, Logman"]
[Black "Andrzejewska, Anna"]
[Result "1-0"]
[WhiteElo "2273"]
[BlackElo "1948"]
[PlyCount "85"]
[EventDate "2021.01.19"]
[EventType "swiss (blitz)"]
[EventRounds "11"]
[EventCountry "USA"]
[SourceTitle "CBM 200 Extra"]
[Source "ChessBase"]
[SourceDate "2021.03.31"]
[SourceVersion "1"]
[SourceVersionDate "2021.03.31"]
[SourceQuality "1"]

1. d4 d5 2. Nf3 e6 3. Bf4 Bd6 4. Bxd6 Qxd6 5. e3 Nf6 6. Bd3 0-0 7. 0-0 c5 8. Nbd2 c4 9. Be2 Nc6 10. c3 b5 11. b3 Bd7 12. bxc4 bxc4 13. Qc2 e5 14. dxe5 Nxe5 15. Nxe5 Qxe5 16. Nf3 Qe4 17. Qd2 h6 18. Rfd1 Be6 19. Nd4 Rab8 20. Bf3 Qe5 21. Nc6 Qg5 22. Nxb8 Rxb8 23. Rab1 Rd8 24. Qd4 Ng4 25. Bxg4 Bxg4 26. Re1 Bf3 27. g3 Qf5 28. Qf4 Be4 29. Qxf5 Bxf5 30. Rb7 Be4 31. Re2 Bd3 32. Reb2 d4 33. Rb8 Rxb8 34. Rxb8+ Kh7 35. exd4 Kg6 36. Rb7 a5 37. Rb6+ Kf5 38. Rb5+ Ke4 39. Rxa5 Kf3 40. d5 Ke2 41. d6 Kd2 42. d7 Kxc3 43. d8Q 1-0